Too many dogs! / (Record no. 4355)

MARC details
000 -LEADER
fixed length control field 01056pam a2200349 a 4500
001 - CONTROL NUMBER
control field 4355
003 - CONTROL NUMBER IDENTIFIER
control field FISKH
005 - DATE AND TIME OF LATEST TRANSACTION
control field 20241119084144.0
008 - FIXED-LENGTH DATA ELEMENTS--GENERAL INFORMATION
fixed length control field 950216s1998 nyua j 000 1 eng
010 ## - LIBRARY OF CONGRESS CONTROL NUMBER
LC control number 95007899
020 ## - INTERNATIONAL STANDARD BOOK NUMBER
International Standard Book Number 0679864431
020 ## - INTERNATIONAL STANDARD BOOK NUMBER
International Standard Book Number 9780679864431
020 ## - INTERNATIONAL STANDARD BOOK NUMBER
International Standard Book Number 0679964436 (lib. ed.)
040 ## - CATALOGING SOURCE
Original cataloging agency DLC
Transcribing agency DLC
Modifying agency DLC
Language of cataloging eng
050 ## - LIBRARY OF CONGRESS CALL NUMBER
Classification number PZ8.H2595
082 ## - DEWEY DECIMAL CLASSIFICATION NUMBER
Classification number 470
100 1# - MAIN ENTRY--PERSONAL NAME
Personal name Houran, Lori Haskins.
245 10 - TITLE STATEMENT
Title Too many dogs! /
Statement of responsibility, etc. by Lori Haskins ; illustrated by Joe Mathieu.
260 ## - PUBLICATION, DISTRIBUTION, ETC.
Place of publication, distribution, etc. New York :
Name of publisher, distributor, etc. Random House,
Date of publication, distribution, etc. 1998
300 ## - PHYSICAL DESCRIPTION
Extent 32 pages :
Other physical details color illustrations ;
Dimensions 23 cm
440 #0 - SERIES STATEMENT/ADDED ENTRY--TITLE
Title Early step into reading
505 ## - FORMATTED CONTENTS NOTE
Formatted contents note D<br/>
520 ## - SUMMARY, ETC.
Summary, etc. A man's barbecue is interrupted when he is visited by a bevy of dogs from the neighborhood.
521 8# - TARGET AUDIENCE NOTE
Target audience note 170<br/>
Source Lexile<br/>
521 8# - TARGET AUDIENCE NOTE
Target audience note D<br/>
Source Raz-Plus<br/>
650 #1 - SUBJECT ADDED ENTRY--TOPICAL TERM
Topical term or geographic name entry element Dogs
Form subdivision Fiction.
650 #1 - SUBJECT ADDED ENTRY--TOPICAL TERM
Topical term or geographic name entry element Stories in rhyme.
700 1# - ADDED ENTRY--PERSONAL NAME
Personal name Mathieu, Joe,
Dates associated with a name 1949-
Relator term illustrator
906 ## - LOCAL DATA ELEMENT F, LDF (RLIN)
a 7
b cbc
c orignew
d 1
e ocip
f 19
g y-gencatlg
942 ## - ADDED ENTRY ELEMENTS (KOHA)
Source of classification or shelving scheme Dewey Decimal Classification
Koha item type Books
Suppress in OPAC No
Holdings
Withdrawn status Lost status Source of classification or shelving scheme Damaged status Not for loan Collection Home library Current library Shelving location Date acquired Total Checkouts Full call number Barcode Date last seen Price effective from Koha item type Date due Date last checked out Copy number
    Dewey Decimal Classification     Juvenile Fiction Footprints International School Library Network Toul Kork Campus Footprints International School Library Network Toul Kork Campus TK Primary Library Room(4th Floor), Bookcase 7, Shelves 57-60, Dark Green Books 08/01/2024   HOU 470 PZ8.H2595 2024-0952 08/01/2024 08/01/2024 Books      
    Dewey Decimal Classification     Juvenile Fiction Footprints International School Library Network Toul Kork Campus Footprints International School Library Network Toul Kork Campus TK Primary Library Room(4th Floor), Bookcase 7, Shelves 57-60, Dark Green Books 11/19/2024 2 HOU 470 PZ8.H2595 FISTK01512 04/01/2026 11/19/2024 Books 04/15/2026 04/01/2026 2